书目信息 |
| 题名: |
道路交通噪声监测与评价新方法研究
|
|
| 作者: | 刘砚华 主编 | |
| 分册: | ||
| 出版信息: | 北京 中国环境出版集团 2018.06 |
|
| 页数: | x, 233页 | |
| 开本: | 26cm | |
| 丛书名: | 环保公益性行业科研专项经费项目系列丛书 | |
| 单 册: | ||
| 中图分类: | X839.1 | |
| 科图分类: | ||
| 主题词: | 交通噪声--jiao tong zao sheng--噪声监测--研究 | |
| 电子资源: | ||
| ISBN: | 978-7-5111-3708-1 | |
| 000 | 01181nam 2200253 450 | |
| 001 | 0100010305 | |
| 005 | 20190905093951.0 | |
| 010 | @a978-7-5111-3708-1@dCNY48.00 | |
| 100 | @a20190901d2018 em y0chiy50 ea | |
| 101 | 0 | @achi |
| 102 | @aCN@b110000 | |
| 105 | @aak z 000yy | |
| 106 | @ar | |
| 200 | 1 | @a道路交通噪声监测与评价新方法研究@Adao lu jiao tong zao sheng jian ce yu ping jia xin fang fa yan jiu@f主编刘砚华 |
| 210 | @a北京@c中国环境出版集团@d2018.06 | |
| 215 | @ax, 233页@c图@d26cm | |
| 225 | 2 | @a环保公益性行业科研专项经费项目系列丛书@Ahuan bao gong yi xing hang ye ke yan zhuan xiang jing fei xiang mu xi lie cong shu |
| 330 | @a本书根据环保公益性行业科研专项 —— “道路交通噪声监测与评价新方法研究”项目, 研究目标与研究内容, 研究团队经过国内外调研、居民调查、历史数据收集、现场测试、数据处理、资料分析、方法研究等大量工作, 分析了我国道路交通噪声水平与面临的压力 ; 分析了国内外噪声监测与评价现状等。 | |
| 410 | 0 | @12001 @a环保公益性行业科研专项经费项目系列丛书 |
| 606 | 0 | @a交通噪声@Ajiao tong zao sheng@x噪声监测@x研究 |
| 690 | @aX839.1@v5 | |
| 701 | 0 | @a刘砚华@Aliu yan hua@4主编 |
| 801 | 0 | @aCN@c20190905 |
| 905 | @a河南城建学院图书馆@dX839.1@eL702-2 | |
| 道路交通噪声监测与评价新方法研究/主编刘砚华.-北京:中国环境出版集团,2018.06 |
| x, 233页:图;26cm.-(环保公益性行业科研专项经费项目系列丛书) |
| ISBN 978-7-5111-3708-1:CNY48.00 |
| 本书根据环保公益性行业科研专项 —— “道路交通噪声监测与评价新方法研究”项目, 研究目标与研究内容, 研究团队经过国内外调研、居民调查、历史数据收集、现场测试、数据处理、资料分析、方法研究等大量工作, 分析了我国道路交通噪声水平与面临的压力 ; 分析了国内外噪声监测与评价现状等。 |
| ● |
| 相关链接 |
|
|
|
正题名:道路交通噪声监测与评价新方法研究
索取号:X839.1/L702-2
 
预约/预借
| 序号 | 登录号 | 条形码 | 馆藏地/架位号 | 状态 | 备注 |
| 1 | 1437918 | 214379180 | 自科库501/501自科库 118排1列3层/ [索取号:X839.1/L702-2] | 在馆 | |
| 2 | 1437919 | 214379199 | 自科库501/501自科库 118排1列3层/ [索取号:X839.1/L702-2] | 在馆 |